[Event "Morphy"]
[Site "Gatineau CAN"]
[Date "2025.02.11"]
[Round "5"]
[White "Blais, Robert"]
[Black "Thibeault, Alain"]
[Result "0-1"]
[WhiteElo "1405"]
[BlackElo "1394"]
[WhiteFideId "-1"]
[WhiteFideId "-1"]
[PlyCount "73"]
[GameId "2145692553384625"]
[EventDate "2025.01.14"]
[EventType "swiss"]
[EventRounds "7"]
[EventCountry "CAN"]

1. e4 c5 2. Nf3 Nc6 3. d4 cxd4 4. Nxd4 e6 5. Be3 d6 6. Nc3 a6 7. Qd2 Be7 8. Be2 Nf6 9. h3 O-O 10. f4 b5 11. a3 Nxd4 12. Bxd4 Bb7 13. Bf3 d5 14. exd5 Bxd5 15. Nxd5 Nxd5 16. O-O Bh4 17. Kh2 Rc8 18. Rad1 Bf6 19. Qf2 Nxf4 20. Be5 Bxe5 21. g3 Nd5 22. c3 Qg5 23. h4 Qh6 24. Bxd5 exd5 25. Rxd5 Qxh4+ 26. Kg2 Qe4+ 27. Qf3 Qxf3+ 28. Rxf3 Rfe8 29. Rd7 Rc7 30. Rd5 Rce7 31. Re3 Bf6 32. Rxe7 Bxe7 33. Rd7 Kf8 34. Ra7 Bc5 35. Rxa6 Re2+ 36. Kf3 Rxb2 37. Rc6 0-1

[Event "Morphy"]
[Site "Gatineau CAN"]
[Date "2025.02.11"]
[Round "5"]
[White "Desroches, Maxime"]
[Black "Lecorre, Joel"]
[Result "1-0"]
[WhiteElo "1228"]
[BlackElo "1419"]
[WhiteFideId "-1"]
[WhiteFideId "-1"]
[PlyCount "77"]
[GameId "2144845640860570"]
[EventDate "2025.01.14"]
[EventType "swiss"]
[EventRounds "7"]
[EventCountry "CAN"]

1. d4 c5 2. d5 e5 3. c4 d6 4. e4 Be7 5. Nc3 a6 6. Nf3 Bg4 7. Be2 Bxf3 8. Bxf3 Bg5 9. Qb3 Bxc1 10. Rxc1 b6 11. O-O Nf6 12. Be2 O-O 13. f4 exf4 14. Rxf4 Nbd7 15. Rcf1 Re8 16. Qc2 Ne5 17. Nd1 b5 18. cxb5 axb5 19. Bxb5 Re7 20. a4 Rb7 21. Ne3 Rab8 22. Nc4 Ng6 23. R4f3 Re7 24. Re1 Nxd5 25. Qd2 Nc7 26. Rd3 Nxb5 27. axb5 Ne5 28. Rxd6 Qc7 29. b6 Qc8 30. Nxe5 Rxe5 31. Qf4 Qe8 32. Qg3 Qe7 33. Red1 g6 34. Rd7 Qe8 35. b7 f5 36. exf5 Re3 37. Qxb8 Re1+ 38. Kf2 Rxd1 39. Qxe8# 1-0

[Event "Morphy"]
[Site "Gatineau CAN"]
[Date "2025.02.11"]
[Round "5"]
[White "Dupont-Mageau, Nicolas"]
[Black "Azar, Sebastien"]
[Result "0-1"]
[WhiteElo "1848"]
[BlackElo "2180"]
[WhiteFideId "-1"]
[WhiteFideId "-1"]
[PlyCount "80"]
[GameId "2145692553384626"]
[EventDate "2025.01.14"]
[EventType "swiss"]
[EventRounds "7"]
[EventCountry "CAN"]

1. d4 Nf6 2. Bf4 d5 3. e3 c5 4. Nd2 Nc6 5. Ngf3 cxd4 6. exd4 Qb6 7. Nb3 e6 8. a4 a5 9. Bb5 Bd7 10. O-O Be7 11. c3 O-O 12. Ne1 Rfd8 13. Nd3 Ne4 14. Nd2 Nxd2 15. Qxd2 Rac8 16. Bg5 f6 17. Be3 Nb8 18. Bxd7 Nxd7 19. f4 g6 20. Rf3 Qc6 21. h4 Kh8 22. Rh3 Rg8 23. h5 gxh5 24. Qe2 Rg4 25. Nf2 f5 26. Nxg4 hxg4 27. Rh1 Nf6 28. Qb5 Qc7 29. g3 Kg7 30. Kg2 Kg6 31. Rac1 Ne4 32. b4 Nxc3 33. Qxa5 Qc4 34. Rhe1 Qa2+ 35. Kh1 Rc4 36. Qb6 Kf7 37. Bg1 Ne4 38. Bh2 Rxb4 39. Ra1 Qf2 40. Rf1 Qxf1+ 0-1

[Event "Morphy"]
[Site "Gatineau CAN"]
[Date "2025.02.11"]
[Round "5"]
[White "Filion, Samuel"]
[Black "Thompson, Francis"]
[Result "1/2-1/2"]
[WhiteElo "1677"]
[BlackElo "1777"]
[WhiteFideId "-1"]
[WhiteFideId "-1"]
[PlyCount "207"]
[GameId "2145692553384624"]
[EventDate "2025.01.14"]
[EventType "swiss"]
[EventRounds "7"]
[EventCountry "CAN"]

1. Nf3 Nf6 2. g3 g6 3. b3 Bg7 4. Bb2 O-O 5. Bg2 d5 6. O-O c5 7. c4 d4 8. e3 Nc6 9. exd4 cxd4 10. d3 e5 11. Re1 Re8 12. Na3 Bf5 13. Nh4 Bg4 14. Bf3 Bxf3 15. Qxf3 Qb6 16. Nc2 Rad8 17. Ng2 e4 18. dxe4 Ne5 19. Qd1 d3 20. Nce3 Nxe4 21. Nf4 Nf3+ 22. Qxf3 Bxb2 23. Ned5 Qd4 24. Rad1 d2 25. Re2 Kg7 26. Qd3 Nxf2 27. Qxd4+ Bxd4 28. Rdxd2 Nh3+ 29. Kg2 Nxf4+ 30. Nxf4 Rxe2+ 31. Rxe2 Bc5 32. Kf3 Rd1 33. Nd5 b5 34. Ne3 Bxe3 35. Rxe3 bxc4 36. bxc4 Rc1 37. Ra3 Rxc4 38. Rxa7 Rc2 39. h4 h5 40. a4 Ra2 41. a5 Kf6 42. a6 Ra3+ 43. Kg2 Ke6 44. Ra8 Kf5 45. Kh3 f6 46. Ra7 g5 47. Ra8 Kg6 48. Rg8+ Kh7 49. Ra8 Ra2 50. hxg5 fxg5 51. a7 Kg7 52. Rb8 Rxa7 53. Rb5 Kh6 54. Rb6+ Kh7 55. Rb5 Rg7 56. Rb6 Rg6 57. Rb7+ Kh6 58. Rb5 Ra6 59. Rc5 Kg6 60. Kg2 g4 61. Rb5 Rf6 62. Ra5 Rf5 63. Ra8 Rb5 64. Rg8+ Kf5 65. Rf8+ Ke4 66. Re8+ Re5 67. Rh8 Ke3 68. Rh7 Ke2 69. Rh8 Ke1 70. Rh7 Rf5 71. Re7+ Kd2 72. Rd7+ Ke3 73. Re7+ Kd4 74. Rd7+ Ke5 75. Re7+ Kf6 76. Ra7 Rb5 77. Rh7 Kg6 78. Rh8 Kg7 79. Ra8 Rb2+ 80. Kg1 h4 81. gxh4 Kh6 82. Ra5 Rc2 83. Rg5 Ra2 84. Rxg4 Kh5 85. Rf4 Rb2 86. Re4 Ra2 87. Kh1 Rb2 88. Rd4 Ra2 89. Rc4 Rb2 90. Ra4 Rc2 91. Kg1 Rb2 92. Kf1 Rc2 93. Ke1 Rb2 94. Kd1 Rh2 95. Ra8 Kxh4 96. Rg8 Rh3 97. Ke2 Rg3 98. Rf8 Ra3 99. Rf4+ Kg5 100. Rb4 Kf5 101. Kd2 Ke5 102. Kc2 Kd5 103. Rb3 Rxb3 104. Kxb3 1/2-1/2

[Event "Morphy"]
[Site "Gatineau CAN"]
[Date "2025.02.11"]
[Round "5"]
[White "Gagne, Raphael"]
[Black "Bergeron-Collin, Laurent"]
[Result "1-0"]
[WhiteElo "1278"]
[BlackElo "1070"]
[WhiteFideId "-1"]
[WhiteFideId "-1"]
[PlyCount "61"]
[GameId "2145692553323181"]
[EventDate "2025.01.14"]
[EventType "swiss"]
[EventRounds "7"]
[EventCountry "CAN"]

1. e4 c6 2. d4 d5 3. exd5 cxd5 4. Bf4 Nc6 5. c3 Nf6 6. Bd3 g6 7. h3 Bg7 8. Nf3 Nh5 9. Bh2 O-O 10. O-O f5 11. Ne5 f4 12. Nxc6 bxc6 13. Nd2 e5 14. dxe5 Bxe5 15. Nf3 Bd6 16. Qc2 Bf5 17. Bxf5 Rxf5 18. Nd4 Rf6 19. Nxc6 Qd7 20. Nd4 g5 21. f3 g4 22. fxg4 Ng7 23. Nf3 Re8 24. Rae1 Qb5 25. Rxe8+ Nxe8 26. Nd4 Bc5 27. Rxf4 Re6 28. Qf2 Qd3 29. Rf8+ Kg7 30. Qf7+ Kh6 31. Bf4# 1-0

[Event "Morphy"]
[Site "Gatineau CAN"]
[Date "2025.02.11"]
[Round "5"]
[White "Laflamme, Mathieu"]
[Black "Chenier, Raphael"]
[Result "0-1"]
[WhiteElo "1363"]
[BlackElo "1723"]
[WhiteFideId "-1"]
[WhiteFideId "-1"]
[PlyCount "58"]
[GameId "2144845640860568"]
[EventDate "2025.01.14"]
[EventType "swiss"]
[EventRounds "7"]
[EventCountry "CAN"]

1. d4 Nf6 2. c4 g6 3. Nf3 Bg7 4. g3 O-O 5. Bg2 d6 6. O-O Nbd7 7. Nc3 e5 8. dxe5 Nxe5 9. Nxe5 dxe5 10. b3 c6 11. Bb2 Bf5 12. e4 Bg4 13. Qc2 Qd7 14. f3 Be6 15. Rad1 Qc7 16. Rd3 Rfd8 17. Rfd1 Bf8 18. Kh1 a5 19. Rxd8 Rxd8 20. Rxd8 Qxd8 21. Qd1 Qc7 22. Ne2 a4 23. f4 Ng4 24. Qe1 Qb6 25. h3 Nf2+ 26. Kh2 Nd3 27. Qc3 Nxb2 28. Qxb2 Bxc4 29. Qc2 axb3 0-1

[Event "Morphy"]
[Site "Gatineau CAN"]
[Date "2025.02.11"]
[Round "5"]
[White "Latreille, Etienne"]
[Black "Desjardins, Michel"]
[Result "1/2-1/2"]
[WhiteElo "2075"]
[BlackElo "1912"]
[WhiteFideId "-1"]
[WhiteFideId "-1"]
[PlyCount "131"]
[GameId "2145692553384623"]
[EventDate "2025.01.14"]
[EventType "swiss"]
[EventRounds "7"]
[EventCountry "CAN"]

1. d4 d5 2. c4 c6 3. e3 Nf6 4. Nf3 Bg4 5. Nbd2 e6 6. Bd3 Nbd7 7. Qc2 Bh5 8. b3 Bg6 9. O-O Bxd3 10. Qxd3 Bd6 11. Re1 O-O 12. e4 dxe4 13. Nxe4 Nxe4 14. Rxe4 Nc5 15. Qc2 Nxe4 16. Qxe4 h6 17. g4 Be7 18. Bf4 Bf6 19. Re1 Re8 20. Kg2 Qe7 21. h4 Bxh4 22. Rh1 g5 23. Be5 f5 24. gxf5 exf5 25. Qxf5 Qf7 26. Nxh4 gxh4 27. Qe4 Re6 28. Kf1 Rg6 29. Rxh4 Rf8 30. Rf4 Qe6 31. Rh4 Qf5 32. Qxf5 Rxf5 33. f4 h5 34. Kf2 Rg4 35. Rh2 h4 36. a4 Kf7 37. Kf3 Rg3+ 38. Ke4 Rh5 39. b4 h3 40. d5 cxd5+ 41. Kxd5 Rg2 42. f5 Rxh2 43. Bxh2 Rxf5+ 44. Kd6 Rf2 45. Be5 Re2 46. Bg3 Re4 47. Kd5 Re3 48. Bf4 Rd3+ 49. Kc5 Rf3 50. Bb8 Rf2 51. a5 h2 52. Bxh2 Rxh2 53. Kd6 Rh4 54. Kc7 Rxc4+ 55. Kxb7 Rxb4+ 56. Kxa7 Ke6 57. a6 Kd7 58. Ka8 Kc7 59. a7 Kb6 60. Kb8 Rh4 61. a8=N+ Kc6 62. Ka7 Rh8 63. Nb6 Rh7+ 64. Ka6 Rh3 65. Ka5 Kc5 66. Na4+ 1/2-1/2

[Event "Morphy"]
[Site "Gatineau CAN"]
[Date "2025.02.11"]
[Round "5"]
[White "Perrier, Vincent"]
[Black "Morel, Joseph"]
[Result "1/2-1/2"]
[WhiteElo "1240"]
[BlackElo "1691"]
[WhiteFideId "-1"]
[WhiteFideId "-1"]
[PlyCount "68"]
[GameId "2144845640860564"]
[EventDate "2025.01.14"]
[EventType "swiss"]
[EventRounds "7"]
[EventCountry "CAN"]
[TimeControl "90+30"]

1. e4 c5 2. Nf3 Nc6 3. c3 d5 4. exd5 Qxd5 5. d4 cxd4 6. cxd4 e6 7. a3 Nf6 8. Nc3 Qa5 9. Bc4 Be7 10. O-O O-O 11. Re1 Rd8 12. Be3 Ng4 13. Qe2 Qh5 14. h3 Nxe3 15. Qxe3 a6 16. Rad1 Bf6 17. d5 Na5 18. Ba2 b5 19. dxe6 Bxe6 20. Bxe6 fxe6 21. Qxe6+ Kh8 22. Rxd8+ Rxd8 23. Ne5 Bxe5 24. Rxe5 Qg6 25. Qxg6 hxg6 26. Re6 Nc4 27. b3 Nxa3 28. Rxa6 b4 29. Na2 Rd3 30. Nxb4 Rxb3 31. Nd5 Kh7 32. Ne7 Nc4 33. Nxg6 Nd2 34. Nf4 Rb1+ $3 1/2-1/2

[Event "Morphy"]
[Site "Gatineau CAN"]
[Date "2025.02.11"]
[Round "5"]
[White "Scantland, Patrick"]
[Black "Trahan, Benjamin"]
[Result "1-0"]
[WhiteElo "1635"]
[BlackElo "1258"]
[WhiteFideId "-1"]
[WhiteFideId "-1"]
[PlyCount "69"]
[GameId "2145692553384627"]
[EventDate "2025.01.14"]
[EventType "swiss"]
[EventRounds "7"]
[EventCountry "CAN"]

1. e4 e5 2. Nf3 Nc6 3. Bb5 Nge7 4. O-O a6 5. Ba4 Ng6 6. c3 b5 7. Bb3 Bb7 8. d4 d6 9. Ng5 d5 10. Bxd5 Qd7 11. Bxf7+ Kd8 12. Be6 Qe7 13. dxe5+ Ke8 14. Bf7+ Qxf7 15. Nxf7 Kxf7 16. Qd5+ Ke8 17. e6 Rd8 18. Qf5 Nce5 19. Bf4 Bd6 20. Bxe5 Nxe5 21. Nd2 h6 22. Nb3 g5 23. Qh3 Bxe4 24. Qe3 Bf5 25. Nd4 Ng4 26. Qe2 Bxh2+ 27. Kh1 Rd5 28. Nxf5 Rxf5 29. Qxg4 Rc5 30. Qd4 Bd6 31. Qxh8+ Ke7 32. Qg7+ Kxe6 33. Rfe1+ Be5 34. Rxe5+ Rxe5 35. Qg6+ 1-0

[Event "Morphy"]
[Site "Gatineau CAN"]
[Date "2025.02.18"]
[Round "6"]
[White "Blais, Robert"]
[Black "Viel, Simon"]
[Result "0-1"]
[WhiteElo "1405"]
[BlackElo "1525"]
[WhiteFideId "-1"]
[WhiteFideId "-1"]
[PlyCount "97"]
[GameId "2147336521208547"]
[EventDate "2025.01.14"]
[EventType "swiss"]
[EventRounds "7"]
[EventCountry "CAN"]

1. e4 c6 2. d4 d5 3. e5 c5 4. c3 Nc6 5. Be3 cxd4 6. cxd4 Bf5 7. a3 e6 8. Nf3 Nge7 9. Nc3 Bg4 10. Be2 Nf5 11. Qd2 Qb6 12. Rd1 Be7 13. O-O O-O 14. Ne1 Bxe2 15. Nxe2 Na5 16. Qd3 Nc4 17. Bc1 Nxb2 18. Bxb2 Qxb2 19. Rb1 Qxa3 20. Rb3 Qa6 21. Qf3 b5 22. g4 Nh4 23. Qg3 Ng6 24. h4 Bxh4 25. Qh3 b4 26. Nd3 Rab8 27. f4 Be7 28. f5 exf5 29. gxf5 Nxe5 30. dxe5 Qh6 31. Qf3 Rfd8 32. f6 gxf6 33. exf6 Bd6 34. Rf2 Kh8 35. Kf1 Bc7 36. Rxb4 Rxb4 37. Nxb4 Bb6 38. Rg2 Qh1+ 39. Ng1 Bxg1 40. Qg4 Bd4+ 41. Ke2 Bxf6 42. Nxd5 Re8+ 43. Ne3 Qh6 44. Rg3 Qg6 45. Qf4 Qh5+ 46. Kf2 Bh4 47. Nf1 Bxg3+ 48. Qxg3 Qe2+ 49. Kg1 0-1

[Event "Morphy"]
[Site "Gatineau CAN"]
[Date "2025.02.18"]
[Round "6"]
[White "Collin, Achille"]
[Black "Desroches, Maxime"]
[Result "0-1"]
[WhiteElo "1407"]
[BlackElo "1228"]
[WhiteFideId "-1"]
[WhiteFideId "-1"]
[PlyCount "98"]
[GameId "2147336521274091"]
[EventDate "2025.01.14"]
[EventType "swiss"]
[EventRounds "7"]
[EventCountry "CAN"]

1. f4 d5 2. Nf3 c5 3. e3 Nf6 4. b3 Nc6 5. Bb5 e6 6. Bb2 Be7 7. Ne5 Qc7 8. O-O a6 9. Bxc6+ bxc6 10. d3 O-O 11. Nd2 Nd7 12. c4 Bd6 13. Ndf3 f6 14. Nxd7 Bxd7 15. g3 e5 16. fxe5 fxe5 17. d4 cxd4 18. exd4 exd4 19. Qxd4 Rf7 20. cxd5 Bxg3 21. hxg3 Qxg3+ 22. Kh1 Rxf3 23. Rxf3 Qxf3+ 24. Kh2 Qh5+ 25. Kg3 Qh3+ 26. Kf4 Qg4+ 27. Ke5 Qg3+ 28. Ke4 Re8+ 29. Qe5 Rxe5+ 30. Bxe5 cxd5+ 31. Kxd5 Qg4 32. Bd4 Kf7 33. Rd1 g6 34. Rc1 Be6+ 35. Kc5 Qg5+ 36. Kc6 Qd5+ 37. Kc7 Qxd4 38. Rc6 Qd7+ 39. Kb6 Qxc6+ 40. Kxc6 h5 41. b4 Bxa2 42. b5 axb5 43. Kc5 h4 44. Kb4 h3 45. Ka3 Bc4 46. Kb4 h2 47. Kc3 h1=Q 48. Kb4 Qe1+ 49. Ka3 Qc1+ 0-1

[Event "Morphy"]
[Site "Gatineau CAN"]
[Date "2025.02.18"]
[Round "6"]
[White "Latreille, Etienne"]
[Black "Gagne, Raphael"]
[Result "1-0"]
[WhiteElo "2075"]
[BlackElo "1278"]
[WhiteFideId "-1"]
[WhiteFideId "-1"]
[PlyCount "39"]
[GameId "2147336521274090"]
[EventDate "2025.01.14"]
[EventType "swiss"]
[EventRounds "7"]
[EventCountry "CAN"]

1. d4 d5 2. Bf4 Bf5 3. e3 c5 4. Nc3 a6 5. dxc5 e6 6. Na4 Nd7 7. b4 b5 8. Nb2 Ngf6 9. Bd3 Bg6 10. a4 Ne4 11. Ne2 e5 12. Bg3 Nxg3 13. Nxg3 Bxd3 14. Qxd3 bxa4 15. Rxa4 Bxc5 16. Qxd5 Bb6 17. O-O O-O 18. c4 Qe7 19. c5 Bc7 20. Rfa1 1-0

[Event "Morphy"]
[Site "Gatineau CAN"]
[Date "2025.02.25"]
[Round "7"]
[White "Bergeron-Collin, Laurent"]
[Black "Vezina, Yannick"]
[Result "1-0"]
[WhiteElo "1070"]
[BlackElo "1538"]
[WhiteFideId "-1"]
[WhiteFideId "-1"]
[PlyCount "37"]
[GameId "2150026669625495"]
[EventDate "2025.01.14"]
[EventType "swiss"]
[EventRounds "7"]
[EventCountry "CAN"]

1. c4 e6 2. Nc3 Nf6 3. Nf3 c5 4. e3 d6 5. Bd3 a6 6. b3 Be7 7. Bb2 Nbd7 8. Ne4 O-O 9. h4 Ng4 10. Nfg5 Nge5 11. Bc2 b5 12. Qh5 h6 13. f4 Ng6 14. Nxe6 fxe6 15. Qxg6 e5 16. Nxd6 Bxd6 17. Qxd6 exf4 18. Qd5+ Kh8 19. Qe4 1-0

[Event "Morphy"]
[Site "Gatineau CAN"]
[Date "2025.02.25"]
[Round "7"]
[White "Desjardins, Michel"]
[Black "Desroches, Maxime"]
[Result "1-0"]
[WhiteElo "1912"]
[BlackElo "1228"]
[WhiteFideId "-1"]
[WhiteFideId "-1"]
[PlyCount "103"]
[GameId "2149659239907431"]
[EventDate "2025.01.14"]
[EventType "swiss"]
[EventRounds "7"]
[EventCountry "CAN"]

1. e4 c5 2. c3 Nf6 3. e5 Nd5 4. d4 cxd4 5. Nf3 Nc6 6. cxd4 d6 7. Bc4 Nb6 8. Bb5 Bd7 9. exd6 e6 10. Bg5 Qb8 11. O-O Bxd6 12. Nc3 a6 13. Bd3 h6 14. Be3 Ne7 15. Ne4 Nbd5 16. Bd2 O-O 17. Nxd6 Qxd6 18. Ne5 Rfd8 19. Qg4 Nf5 20. Nc4 Qe7 21. Rfe1 Qf6 22. Ne5 Nde7 23. Ba5 Nc6 24. Bxd8 Rxd8 25. Nxd7 Rxd7 26. Bxf5 exf5 27. Qe2 Rxd4 28. Rad1 Rg4 29. f3 Rg6 30. Qd2 Kh7 31. b3 Ne5 32. Qf4 Qb6+ 33. Kh1 Qf2 34. Rg1 Nc6 35. Rd2 Qc5 36. Rgd1 Rg5 37. Qc7 Qb5 38. Qxf7 Qe5 39. Qd5 Qb8 40. Qd6 Qe8 41. Qf4 Qe7 42. h3 Qe8 43. Kh2 Qe7 44. Rd5 Qe6 45. Rd6 Qe2 46. Rg1 Ne7 47. Rd2 Qb5 48. Re1 Ng6 49. Qc4 Qa5 50. b4 Qb6 51. Re8 f4 52. Qg8# 1-0

[Event "Morphy"]
[Site "Gatineau CAN"]
[Date "2025.02.25"]
[Round "7"]
[White "Gagne, Raphael"]
[Black "Seguin, Hubert"]
[Result "1-0"]
[WhiteElo "1278"]
[BlackElo "1527"]
[WhiteFideId "-1"]
[WhiteFideId "-1"]
[PlyCount "69"]
[GameId "2150026669625494"]
[EventDate "2025.01.14"]
[EventType "swiss"]
[EventRounds "7"]
[EventCountry "CAN"]

1. d4 d5 2. Bf4 Nf6 3. e3 g6 4. h3 Bg7 5. Nf3 O-O 6. Bd3 c5 7. c3 c4 8. Bc2 b5 9. Nbd2 Qb6 10. O-O Nc6 11. Re1 Bd7 12. e4 e6 13. Ne5 a5 14. Nxd7 Nxd7 15. exd5 exd5 16. Qf3 Nf6 17. Bg5 Qd8 18. b3 h6 19. Bh4 g5 20. Bg3 Re8 21. bxc4 Nxd4 22. cxd4 dxc4 23. Rxe8+ Qxe8 24. Be5 Nd7 25. Bxg7 Kxg7 26. Rb1 Nf6 27. Ne4 Ra6 28. Qf5 Re6 29. Nxf6 Rxf6 30. Qh7+ Kf8 31. Qh8+ Ke7 32. Qxe8+ Kxe8 33. Rxb5 Rd6 34. d5 a4 35. Bxa4 1-0

[Event "Morphy"]
[Site "Gatineau CAN"]
[Date "2025.02.25"]
[Round "7"]
[White "Laflamme, Mathieu"]
[Black "Latreille, Etienne"]
[Result "0-1"]
[WhiteElo "1363"]
[BlackElo "2075"]
[WhiteFideId "-1"]
[WhiteFideId "-1"]
[PlyCount "58"]
[GameId "2150026669625493"]
[EventDate "2025.01.14"]
[EventType "swiss"]
[EventRounds "7"]
[EventCountry "CAN"]

1. d4 d5 2. c4 c6 3. Nf3 Nf6 4. g3 a6 5. cxd5 cxd5 6. Bg2 Bf5 7. O-O e6 8. Nc3 Nc6 9. a3 h6 10. Bf4 Bd6 11. Bxd6 Qxd6 12. e3 b5 13. Rc1 Na5 14. Nd2 O-O 15. Nb3 Nc4 16. Qe2 b4 17. Nb1 bxa3 18. Nxa3 Nxa3 19. bxa3 Qxa3 20. Nc5 a5 21. Ra1 Qb4 22. Rfc1 a4 23. Bf1 Ra5 24. Ra2 a3 25. Nd3 Qb6 26. Qc2 Rb8 27. Rca1 Qb3 28. Qxb3 Rxb3 29. Ne1 Bb1 0-1

[Event "Morphy"]
[Site "Gatineau CAN"]
[Date "2025.02.25"]
[Round "7"]
[White "Thibeault, Alain"]
[Black "Collin, Achille"]
[Result "0-1"]
[WhiteElo "1394"]
[BlackElo "1407"]
[WhiteFideId "-1"]
[WhiteFideId "-1"]
[PlyCount "92"]
[GameId "2150026669625496"]
[EventDate "2025.01.14"]
[EventType "swiss"]
[EventRounds "7"]
[EventCountry "CAN"]

1. e4 d6 2. d4 Nf6 3. Nc3 g6 4. Nf3 Bg7 5. Bd3 O-O 6. O-O Bg4 7. h3 Bxf3 8. Qxf3 Nc6 9. Ne2 Nd7 10. c3 e5 11. d5 Ne7 12. Bg5 h6 13. Be3 f5 14. exf5 gxf5 15. Qh5 Nf6 16. Qh4 f4 17. Nxf4 exf4 18. Bxf4 Nexd5 19. Bxh6 Qd7 20. Qg5 Rae8 21. Rae1 Rxe1 22. Rxe1 Rf7 23. Bf5 Qd8 24. Be6 Qf8 25. Bxf7+ Kxf7 26. Bxg7 Qxg7 27. Qf5 Qf8 28. Re6 Qd8 29. g4 Qd7 30. Rxf6+ Nxf6 31. Qf4 Kg6 32. h4 Qxg4+ 33. Qg3 Qxg3+ 34. fxg3 Kf5 35. Kf2 Kg4 36. a3 Ne4+ 37. Ke3 Nxg3 38. Kd4 Kf4 39. c4 Nf5+ 40. Kd5 Nxh4 41. Ke6 Nf5 42. b4 Ke4 43. a4 Kd4 44. Kd7 Kxc4 45. Kxc7 Kxb4 46. Kxb7 d5 0-1

[Event "Morphy"]
[Site "Gatineau CAN"]
[Date "2025.02.25"]
[Round "7"]
[White "Thompson, Francis"]
[Black "Scantland, Patrick"]
[Result "1-0"]
[WhiteElo "1777"]
[BlackElo "1635"]
[WhiteFideId "-1"]
[WhiteFideId "-1"]
[PlyCount "71"]
[GameId "2149659238404195"]
[EventDate "2025.01.14"]
[EventType "swiss"]
[EventRounds "7"]
[EventCountry "CAN"]
[TimeControl "1"]

1. Nf3 Nf6 2. c4 g6 3. Nc3 Bg7 4. g3 d6 5. d4 O-O 6. Bg2 Nbd7 7. O-O c6 8. Qb3 $6 e5 9. Rd1 Qe7 10. Qa3 Re8 $6 11. b3 $6 h6 $6 12. dxe5 dxe5 13. e4 $6 Nc5 14. Ne1 Bg4 15. f3 Be6 16. Be3 Ncd7 $6 17. Qc1 $6 Kh7 $6 18. Nd3 b6 19. a4 a5 20. Qc2 Nh5 21. Rac1 f5 22. Ne2 fxe4 23. fxe4 Bg4 24. c5 bxc5 25. Nxc5 Nxc5 26. Bxc5 Qb7 27. Rd3 Rad8 28. Rcd1 Rxd3 29. Rxd3 Qf7 $6 30. h3 Be6 31. Rf3 $6 Qd7 32. Kh2 Nf6 33. Nc1 Rb8 34. Rc3 Qf7 35. Bd6 Nh5 $4 36. Bxb8 1-0

[Event "Morphy B"]
[Site "Gatineau CAN"]
[Date "2025.01.14"]
[Round "1"]
[White "Chenard, Paul"]
[Black "Ghanbari, Sepehr"]
[Result "0-1"]
[WhiteElo "972"]
[BlackElo "1136"]
[WhiteFideId "-1"]
[WhiteFideId "-1"]
[PlyCount "150"]
[GameId "2136988882833529"]
[EventDate "2025.01.14"]
[EventType "swiss"]
[EventRounds "7"]
[EventCountry "CAN"]
[TimeControl "60/30:0"]

1. Nf3 Nc6 2. e4 e5 3. Nc3 Nf6 4. Bd3 d5 5. Qe2 Bg4 6. Qe3 Bxf3 7. Qxf3 Nd4 8. Qe3 dxe4 9. Nxe4 Nxe4 10. Qxe4 Nc6 11. O-O Bc5 12. c3 a5 13. Bb5 Qf6 14. d4 Be7 15. dxe5 Qe6 16. Bc4 Qg6 17. Qe2 Nd8 18. Bd3 Qe6 19. Be4 f6 20. Qb5+ c6 21. Qb6 fxe5 22. Be3 Ra6 23. Qc7 Qd6 24. Qc8 O-O 25. Qh3 g6 26. Rad1 Qe6 27. g4 Nf7 28. b3 Bg5 29. Bc5 Re8 30. Bd3 Raa8 31. Bc4 Qf6 32. Rd7 Rf8 33. Be7 Qg7 34. Bxg5 b5 35. Be6 Rae8 36. Bh6 Qf6 37. Bxf7+ Rxf7 38. Rd3 g5 39. Rf3 Qg6 40. Bxg5 Rxf3 41. Qxf3 Qxg5 42. h3 e4 43. Qg3 Rf8 44. h4 Qf4 45. Qg2 Qf3 46. Qh2 Qxg4+ 47. Kh1 Qf3+ 48. Qg2+ Qxg2+ 49. Kxg2 Rf3 50. Re1 Rxc3 51. Rxe4 c5 52. Rg4+ Kh8 53. Re4 c4 54. Re8+ Kg7 55. Re7+ Kg6 56. Re5 cxb3 57. h5+ Kh6 58. Rxb5 a4 59. a3 Rc1 60. Kg3 Ra1 61. Rc5 b2 62. Rb5 b1=Q 63. Rxb1 Rxb1 64. Kg4 Rb3 65. f4 Rxa3 66. f5 Rb3 67. f6 Rb8 68. Kf5 a3 69. f7 a2 70. Ke6 Kg7 71. h6+ Kxh6 72. Ke7 Kg7 73. Ke6 Rf8 74. Ke7 Rxf7+ 75. Ke6 a1=Q 0-1

[Event "Morphy B"]
[Site "Gatineau CAN"]
[Date "2025.01.14"]
[Round "1"]
[White "Patry, Onil"]
[Black "Gagne, Learry"]
[Result "1-0"]
[WhiteElo "1185"]
[BlackElo "1267"]
[WhiteFideId "-1"]
[WhiteFideId "-1"]
[PlyCount "61"]
[GameId "2135377793730294"]
[EventDate "2025.01.14"]
[EventType "swiss"]
[EventRounds "7"]
[EventCountry "CAN"]

1. e4 c6 2. Nf3 d5 3. Nc3 Bg4 4. d4 e6 5. Be2 dxe4 6. Ne5 Bxe2 7. Nxe2 Bb4+ 8. c3 Ba5 9. O-O Ne7 10. Ng3 Nd7 11. Nxd7 Qxd7 12. Nxe4 Bb6 13. Bf4 Bc7 14. Nc5 Qc8 15. Qf3 Bxf4 16. Qxf4 b6 17. Nd3 Nd5 18. Qf3 O-O 19. Rfe1 Qc7 20. Ne5 c5 21. dxc5 bxc5 22. g3 a5 23. a3 Rab8 24. Rab1 Qb7 25. Qe2 a4 26. Qc4 Qb5 27. Qxb5 Rxb5 28. c4 Rb3 29. cxd5 exd5 30. Nd7 Rc8 31. Nxc5 1-0

[Event "Morphy B"]
[Site "Gatineau CAN"]
[Date "2025.01.21"]
[Round "2"]
[White "Dubois, Simon"]
[Black "Bolduc, Christian"]
[Result "1-0"]
[WhiteElo "1244"]
[BlackElo "1149"]
[WhiteFideId "-1"]
[WhiteFideId "-1"]
[PlyCount "61"]
[GameId "2136988881137775"]
[EventDate "2025.01.14"]
[EventType "swiss"]
[EventRounds "7"]
[EventCountry "CAN"]

1. e4 e5 2. Nc3 Nc6 3. Bc4 Nf6 4. d3 Bc5 5. Nf3 d6 6. Ng5 $6 O-O 7. O-O $2 Bg4 $1 8. Qe1 $6 Nd4 9. Qd2 $6 h6 10. h3 Bh5 11. Bb3 hxg5 12. Qxg5 Bg6 $3 13. Be3 Nh7 $3 14. Qg3 c6 $6 15. Bxd4 Bxd4 $2 16. Qxg6 a6 $6 17. Rab1 b5 18. Ne2 c5 $2 19. Qg3 Rc8 20. c4 b4 $2 21. Nxd4 $1 cxd4 22. f4 Qd7 $6 23. fxe5 Rfd8 24. Rbc1 Nf8 25. c5 Ne6 26. exd6 Rf8 27. Bxe6 Qxe6 28. b3 Rc6 29. Rc4 Rd8 30. Qg5 a5 31. Qxd8+ 1-0

[Event "Morphy B"]
[Site "Gatineau CAN"]
[Date "2025.01.21"]
[Round "2"]
[White "Gagne, Learry"]
[Black "Fedorov, Daniel"]
[Result "0-1"]
[WhiteElo "1267"]
[BlackElo "1253"]
[WhiteFideId "-1"]
[WhiteFideId "-1"]
[PlyCount "30"]
[GameId "2136988882833523"]
[EventDate "2025.01.14"]
[EventType "swiss"]
[EventRounds "7"]
[EventCountry "CAN"]

1. e4 e5 2. Nf3 f5 3. Nc3 fxe4 4. Nxe4 d5 5. Ng3 Nc6 6. Bb5 e4 7. Nd4 Qf6 8. Bxc6+ bxc6 9. Nb3 Bd6 10. O-O Ne7 11. d3 Nf5 12. dxe4 dxe4 13. Qe1 O-O 14. Qxe4 Nxg3 15. fxg3 Qxf1# 0-1

[Event "Morphy B"]
[Site "Gatineau CAN"]
[Date "2025.01.21"]
[Round "2"]
[White "Piche, Danielle"]
[Black "Chenard, Paul"]
[Result "1-0"]
[WhiteElo "873"]
[BlackElo "972"]
[WhiteFideId "-1"]
[WhiteFideId "-1"]
[PlyCount "21"]
[GameId "2136988882833520"]
[EventDate "2025.01.14"]
[EventType "swiss"]
[EventRounds "7"]
[EventCountry "CAN"]

1. e4 e5 2. Nf3 f6 3. d4 Nc6 4. Bc4 Nge7 5. dxe5 fxe5 6. Nc3 Nb4 7. Nxe5 d5 8. O-O c6 9. exd5 Bf5 10. dxc6 Nbxc6 11. Bf7# 1-0

[Event "Morphy B"]
[Site "Gatineau CAN"]
[Date "2025.01.21"]
[Round "2"]
[White "Simard, Paul"]
[Black "Patry, Onil"]
[Result "0-1"]
[WhiteElo "1257"]
[BlackElo "1185"]
[WhiteFideId "-1"]
[WhiteFideId "-1"]
[PlyCount "30"]
[GameId "2136988881006702"]
[EventDate "2025.01.14"]
[EventType "swiss"]
[EventRounds "7"]
[EventCountry "CAN"]

1. d4 f5 2. Nf3 Nf6 3. e3 e6 4. Bd3 Be7 5. b3 O-O 6. Bb2 d6 7. O-O b6 8. Nbd2 Qe8 9. c4 Bb7 10. Re1 Ne4 11. Qc2 Qg6 12. Rac1 Nxd2 13. Be2 Nxf3+ 14. Kf1 Nxh2+ 15. Kg1 Qxg2# 0-1